000 00414nam a2200157Ia 4500
008 160316s2005 xxu||||| |||| 00| 0 eng d
082 _a364.153000
_bSHA
100 _aSharma Parul
245 _aChild rights bill, 2005 lacks a clear understanding of the problems of abused children
250 _a
260 _a
_bCED
_c2005
300 _a1
_b
_c
365 _b
650 _a1. Child rights bill
700 _a
_a
999 _c36432
_d36432